Tous les mammifères dans les zoos français - Statistics

General Stats
  • This quiz has been taken 10 times
  • The average score is 44 of 405
Answer Stats
Ordre Continent Answer % Correct
Primates Afrique Chimpanzé
63%
Eléphants Afrique Eléphant d'Afrique
38%
Eléphants Asie Eléphant d'Asie
38%
Marsupiaux Océanie Koala
38%
Carnivores Afrique Léopard
38%
Artiodactyles Afrique Addax
25%
Artiodactyles Asie Banteng
25%
Carnivores Asie Binturong
25%
Primates Afrique Bonobo
25%
Carnivores Afrique Caracal
25%
Artiodactyles Europe Chamois
25%
Carnivores Afrique Fennec
25%
Artiodactyles Asie Gaur
25%
Artiodactyles Amérique du Sud Guanaco
25%
Artiodactyles Afrique Hippopotame pygmée
25%
Carnivores Amérique du Sud Jaguar
25%
Carnivores Afrique Lion d'Afrique
25%
Carnivores Asie Lion d'Asie
25%
Primates Afrique Mandrill
25%
Carnivores Amérique du Sud Ocelot
25%
Artiodactyles Afrique Okapi
25%
Carnivores Europe Ours brun
25%
Carnivores Amérique du Nord Ours noir
25%
Carnivores Asie Panda géant
25%
Carnivores Asie Panda roux
25%
Carnivores Afrique Serval
25%
Primates Asie Siamang
25%
Artiodactyles Asie Yack
25%
Rongeurs Amérique du Sud Agouti d'Azara
13%
Rongeurs Amérique du Sud Agouti doré
13%
Périssodactyles Afrique Âne sauvage de Somalie
13%
Artiodactyles Asie Anoa des plaines
13%
Artiodactyles Asie Antilope cervicapre
13%
Artiodactyles Afrique Antilope rouanne
13%
Primates Afrique Ascagne à nez blanc
13%
Primates Afrique Ascagne à nez orange
13%
Primates Amérique du Sud Atèle à face rouge
13%
Primates Amérique du Sud Atèle à ventre blanc
13%
Primates Amérique du Sud Atèle de Geoffroy
13%
Primates Amérique du Sud Atèle noir de Colombie
13%
Primates Afrique Babouin de Guinée
13%
Primates Afrique Babouin hamadryas
13%
Artiodactyles Amérique du Nord Bison des bois
13%
Artiodactyles Amérique du Nord Bison des plaines
13%
Artiodactyles Europe Bison d'Europe
13%
Carnivores Europe Blaireau d'Europe
13%
Artiodactyles Arctique Boeuf musqué
13%
Artiodactyles Afrique Bongo des montagnes
13%
Artiodactyles Afrique Bouquetin de Nubie
13%
Artiodactyles Europe Bouquetin des Alpes
13%
Artiodactyles Asie Buffle d'eau
13%
Artiodactyles Afrique Buffle nain
13%
Primates Amérique du Sud Capucin à épaules blanches
13%
Primates Amérique du Sud Capucin à poitrine jaune
13%
Primates Amérique du Sud Capucin barbu
13%
Primates Amérique du Sud Capucin brun
13%
Rongeurs Amérique du Sud Capybara
13%
Rongeurs Europe Castor d'Europe
13%
Artiodactyles Afrique Céphalophe à dos jaune
13%
Artiodactyles Afrique Céphalophe du Congo
13%
Primates Afrique Cercopithèque de Brazza
13%
Primates Afrique Cercopithèque de Hamlyn
13%
Primates Afrique Cercopithèque de l'Hoest
13%
Primates Afrique Cercopithèque diane
13%
Primates Afrique Cercopithèque Roloway
13%
Artiodactyles Asie Cerf axis
13%
Artiodactyles Amérique du Nord Cerf de Virginie
13%
Artiodactyles Asie Cerf du Père David
13%
Artiodactyles Asie Cerf du Prince Alfred
13%
Artiodactyles Europe Cerf élaphe
13%
Artiodactyles Asie Cerf sambar
13%
Artiodactyles Asie Chameau de Bactriane
13%
Carnivores Amérique du Sud Chat de Geoffroy
13%
Carnivores Afrique Chat de Gordoni
13%
Carnivores Asie Chat des marais
13%
Carnivores Afrique Chat des sables
13%
Carnivores Europe Chat forestier
13%
Carnivores Asie Chat-léopard de Sibérie
13%
Carnivores Asie Chat-léopard du Bengale
13%
Carnivores Asie Chat pêcheur
13%
Carnivores Asie Chat rubigineux
13%
Périssodactyles Asie Cheval de Przewalski
13%
Rongeurs Amérique du Nord Chien de prairie
13%
Carnivores Amérique du Sud Chien des buissons
13%
Carnivores Asie Chien viverrin
13%
Carnivores Amérique du Sud Coati à nez blanc
13%
Carnivores Amérique du Sud Coati roux
13%
Artiodactyles Afrique Cobe à croissant
13%
Artiodactyles Afrique Cobe de Lechwe
13%
Artiodactyles Afrique Cobe de Mrs Gray
13%
Primates Afrique Colobe guéréza
13%
Carnivores Amérique du Nord Coyote
13%
Artiodactyles Asie Daim de Mésopotamie
13%
Artiodactyles Europe Daim d'Europe
13%
Artiodactyles Afrique Damalisque à front blanc
13%
Damans Afrique Daman des rochers
13%
Marsupiaux Océanie Dendrolague de Goodfellow
13%
Carnivores Asie Dhole
13%
Marsupiaux Océanie Diable de Tasmanie
13%
Artiodactyles Afrique Dik-dik de Kirk
13%
Carnivores Océanie Dingo
13%
Primates Amérique du Sud Douroucouli à mains grises
13%
Primates Amérique du Sud Douroucouli d'Azara
13%
Afrique Drill
13%
Artiodactyles Afrique Dromadaire
13%
Rongeurs Asie Ecureuil de Corée
13%
Rongeurs Asie Ecureuil de Finlayson
13%
Rongeurs Amérique du Nord Ecureuil de Hudson
13%
Rongeurs Asie Ecureuil de Prévost
13%
Rongeurs Europe Ecureuil roux
13%
Artiodactyles Afrique Eland commun
13%
Artiodactyles Afrique Eland du Cap
13%
Artiodactyles Europe Elan d'Europe
13%
Chiroptères Amérique du Sud Fer de lance commun
13%
Carnivores Afrique Fossa
13%
Rongeurs Europe Fouine
13%
Fourmiliers Amérique du Sud Fourmilier géant
13%
Primates Afrique Galago du Sénégal
13%
Carnivores Afrique Galidie élégante
13%
Artiodactyles Afrique Gazelle de Cuvier
13%
Artiodactyles Afrique Gazelle de Mhorr
13%
Artiodactyles Afrique Gazelle dorcas
13%
Primates Afrique Gélada
13%
Carnivores Europe Genette d'Europe
13%
Primates Asie Gibbon à bonnet
13%
Primates Asie Gibbon à favoris blanc du Nord
13%
Primates Asie Gibbon à favoris blanc du Sud
13%
Primates Asie Gibbon à favoris roux
13%
Primates Asie Gibbon à mains blanches
13%
Artiodactyles Afrique Girafe de Kordofan
13%
Artiodactyles Afrique Girafe de Rostchild
13%
Artiodactyles Afrique Girafe du Cap
13%
Artiodactyles Afrique Girafe réticulée
13%
Carnivores Europe Glouton
13%
Artiodactyles Afrique Gnou à queue blanche
13%
Artiodactyles Afrique Gnou bleu
13%
Primates Afrique Gorille des plaines de l'Ouest
13%
Cétacés Océans Grand dauphin
13%
Primates Afrique Grand hapalémur
13%
Artiodactyles Afrique Grand koudou
13%
Carnivores Afrique Guépard d'Afrique australe
13%
Carnivores Afrique Guépard d'Afrique centrale
13%
Rongeurs Europe Hamster d'Europe
13%
Primates Afrique Hapalémur du Lac Alaotra
13%
Insectivores Afrique Hérisson à ventre blanc
13%
Artiodactyles Afrique Hippopotame amphibie
13%
Artiodactyles Afrique Hippotrague noir
13%
Primates Amérique du Sud Hurleur noir
13%
Primates Amérique du Sud Hurleur roux
13%
Artiodactyles Asie Hydropote
13%
Carnivores Afrique Hyène rayée
13%
Carnivores Afrique Hyène tachetée
13%
Artiodactyles Afrique Impala
13%
Artiodactyles Europe Isard
13%
Carnivores Amérique du Sud Jaguarondi
13%
Marsupiaux Océanie Kangourou géant
13%
Marsupiaux Océanie Kangourou gris
13%
Marsupiaux Océanie Kangourou roux
13%
Carnivores Amérique du Sud Kinkajou
13%
Périssodactyles Asie Kulan
13%
Lamantins Océans Lamantin des Caraïbes
13%
Primates Asie Langur de François
13%
Primates Asie Langur de Java
13%
Primates Asie Langur d'Hanuman
13%
Rongeurs Europe Lapin de garenne
13%
Primates Afrique Lémur à collier blanc
13%
Primates Afrique Lémur à front blanc
13%
Primates Afrique Lémur à front roux
13%
Primates Afrique Lémur aux yeux turquoise
13%
Primates Afrique Lémur à ventre roux
13%
Primates Afrique Lémur couronné
13%
Primates Afrique Lémur mongoz
13%
Primates Afrique Lémur noir
13%
Carnivores Amérique du Sud Loup à crinière
13%
Carnivores Amérique du Nord Loup du Canada
13%
Carnivores Europe Loup gris
13%
Carnivores Europe Loup ibérique
13%
Carnivores Asie Loutre à pelage lisse
13%
Carnivores Europe Loutre d'Europe
13%
Carnivores Amérique du Sud Loutre géante
13%
Carnivores Asie Loutre naine
13%
Carnivores Afrique Lycaon
13%
Carnivores Europe Lynx boréal
13%
Carnivores Asie Lynx des Carpates
13%
Carnivores Asie Lynx de Sibérie
13%
Carnivores Amérique du Nord Lynx du Canada
13%
Carnivores Europe Lynx ibérique
13%
Carnivores Amérique du Nord Lynx roux
13%
Primates Asie Macaque à queue de cochon
13%
Primates Asie Macaque crabier
13%
Primates Asie Macaque de Tonkéan
13%
Primates Asie Macaque japonais
13%
Primates Asie Macaque ouandérou
13%
Primates Asie Macaque rhésus
13%
Primates Asie Magot
13%
Primates Afrique Maki catta
13%
Primates Afrique Mangabey couronné
13%
Primates Afrique Mangabey noir
13%
Carnivores Afrique Mangouste jaune
13%
Carnivores Afrique Mangouste naine
13%
Carnivores Afrique Mangouste rayée
13%
Carnivores Asie Manul
13%
Rongeurs Amérique du Sud Mara
13%
Carnivores Amérique du Sud Margay
13%
Artiodactyles Asie Markhor
13%
Rongeurs Europe Marmotte des Alpes
13%
Carnivores Asie Martre à gorge jaune
13%
Carnivores Europe Martre des pins
13%
Carnivores Amérique du Nord Mouffette rayée
13%
Artiodactyles Afrique Mouflon à manchettes
13%
Artiodactyles Europe Mouflon de Corse
13%
Artiodactyles Asie Muntjac de Reeve
13%
Artiodactyles Asie Muntjac indien
13%
Artiodactyles Asie Nilgaut
13%
Périssodactyles Asie Onagre de Perse
13%
Carnivores Amérique du Sud Oncille du Nord
13%
Carnivores Amérique du Sud Oncille du Sud
13%
Primates Asie Orang-outan de Bornéo
13%
Primates Asie Orang-outan de Sumatra
13%
Oryctéropes Afrique Oryctérope du Cap
13%
Artiodactyles Afrique Oryx algazelle
13%
Artiodactyles Afrique Oryx beisa
13%
Artiodactyles Asie Oryx d'Arabie
13%
Artiodactyles Afrique Oryx gemsbok
13%
Carnivores Amérique du Sud Otarie à crinière
13%
Carnivores Amérique du Sud Otarie à fourrure australe
13%
Carnivores Amérique du Nord Otarie de Californie
13%
Carnivores Afrique Otocyon
13%
Primates Amérique du Sud Ouistiti argenté
13%
Primates Amérique du Sud Ouistiti à toupets blancs
13%
Primates Amérique du Sud Ouistiti de Geoffroy
13%
Primates Amérique du Sud Ouistiti pygmée
13%
Carnivores Asie Ours à collier
13%
Carnivores Amérique du Sud Ours à lunettes
13%
Carnivores Asie Ours malais
13%
Carnivores Arctique Ours polaire
13%
Marsupiaux Océanie Pademelon à queue courte
13%
Carnivores Asie Panthère de Java
13%
Carnivores Asie Panthère de l'Amour
13%
Carnivores Asie Panthère de Perse
13%
Carnivores Asie Panthère des neiges
13%
Carnivores Asie Panthère du Sri Lanka
13%
Carnivores Asie Panthère nébuleuse
13%
Paresseux Amérique du Sud Paresseux à deux doigts
13%
Artiodactyles Amérique du Sud Pécari à collier
13%
Artiodactyles Amérique du Sud Pécari du Chaco
13%
Tenrecs Afrique Petit-tenrec hérisson
13%
Ariodactyles Afrique Phacochère commun
13%
Carnivores Océans Phoque veau marin
13%
Rongeurs Afrique Porc-épic à crête
13%
Rongeurs Amérique du Nord Porc-épic américain
13%
Rongeurs Afrique Porc-épic du Cap
13%
Rongeurs Asie Porc-épic indien
13%
Artiodactyles Afrique Potamochère roux
13%
Primates Afrique Propithèque couronné
13%
Artiodactyles Amérique du Sud Pudu du Chili
13%
Carnivores Amérique du Sud Puma
13%
Rongeurs Europe Rat des moissons
13%
Rongeurs Asie Rat des nuages
13%
Carnivores Afrique Ratel
13%
Rongeurs Europe Rat noir
13%
Carnivores Amérique du Nord Raton laveur
13%
Carnivores Arctique Renard polaire
13%
Carnivores Europe Renard roux
13%
Artiodactyles Arctique Renne
13%
Périssodactyles Afrique Rhinocéros blanc
13%
Périssodactyles Asie Rhinocéros indien
13%
Périssodactyles Afrique Rhinocéros noir
13%
Primates Asie Rhinopithèque de Roxellane
13%
Chiroptères Afrique Roussette d'Egypte
13%
Chiroptères Afrique Roussette de Livingstone
13%
Chiroptères Asie Roussette de Malaisie
13%
Chiroptères Afrique Roussette de Rodrigues
13%
Primates Amérique du Sud Saïmiri à tête noire
13%
Primates Amérique du Sud Saïmiri commun
13%
Primates Amérique du Sud Saki à face blanche
13%
Primates Amérique du Sud Saki barbu
13%
Artiodactyles Asie Sanglier des Visayas
13%
Artiodactyles Europe Sanglier d'Europe
13%
Primates Amérique du Sud Singe laineux
13%
Artiodactyles Afrique Sitatunga
13%
Rongeurs Europe Souris grise
13%
Artiodactyles Afrique Springbok
13%
Carnivores Afrique Suricate
13%
Artiodactyles Asie Takin doré
13%
Artiodactyles Asie Takin du Sichuan
13%
Fourmiliers Amérique du Sud Tamandua
13%
Primates Amérique du Sud Tamarin à mains rousses
13%
Primates Amérique du Sud Tamarin bicolore
13%
Primates Amérique du Sud Tamarin de Goeldi
13%
Primates Amérique du Sud Tamarin empereur
13%
Primates Amérique du Sud Tamarin lion à tête dorée
13%
Primates Amérique du Sud Tamarin lion doré
13%
Primates Amérique du Sud Tamarin pinché
13%
Périssodactyles Asie Tapir malais
13%
Périssodactyles Amérique du Sud Tapir terrestre
13%
Tatous Amérique du Sud Tatou à 3 bandes
13%
Tatous Amérique du Sud Tatou à 6 bandes
13%
Tatous Amérique du Sud Tatou velu
13%
Carnivores Asie Tigre de Malaisie
13%
Carnivores Asie Tigre de Sibérie
13%
Carnivores Asie Tigre de Sumatra
13%
Carnivores Asie Tigre du Bengale
13%
Primates Amérique du Sud Titi roux
13%
Primates Afrique Vari à ceinture blanche
13%
Primates Afrique Vari noir et blanc
13%
Primates Afrique Vari roux
13%
Artiodactyles Amérique du Sud Vigogne
13%
Rongeurs Amérique du Sud Viscache des plaines
13%
Carnivores Amérique du Nord Vison d'Amérique
13%
Carnivores Europe Vison d'Europe
13%
Marsupiaux Océanie Wallaby de Bennet
13%
Marsupiaux Océanie Wallaby de Parma
13%
Marsupiaux Océanie Wallaby des rochers
13%
Artiodactyles Amérique du Nord Wapiti
13%
Artiodactyles Afrique Zèbre de Burchell
13%
Artiodactyles Afrique Zèbre de Chapman
13%
Artiodactyles Afrique Zèbre de Grant
13%
Artiodactyles Afrique Zèbre de Grévy
13%
Artiodactyles Afrique Zèbre des montagnes
13%
Rongeurs Amérique du Sud Agouti ponctué
0%
Artiodactyles Asie Babiroussa
0%
Marsupiaux Océanie Bettongie à queue touffue
0%
Artiodactyles Europe Bouquetin ibérique
0%
Rongeurs Europe Campagnol des champs
0%
Rongeurs Europe Campagnol roussatre
0%
Rongeurs Amérique du Nord Castor du Canada
0%
Primates Afrique Cercopithèque mone
0%
Artiodactyles Asie Cerf cochon
0%
Artiodactyles Asie Cerf de Bactriane
0%
Artiodactyles Asie Cerf d'Eld
0%
Artiodactyles Asie Cerf du Duvaucel
0%
Artiodactyles Asie Cerf du Thorold
0%
Artiodactyles Asie Cerf huppé
0%
Artiodactyles Asie Cerf sika
0%
Artiodactyles Asie Cerf souris
0%
Carnivores Asie Chat doré asiatique
0%
Chiroptères Afrique Chauve-souris de Seba
0%
Artiodactyles Europe Chevreuil
0%
Rongeurs Amérique du Sud Coendou à queue préhensile
0%
Marsupiaux Océanie Couscous terrestre
0%
Primates Asie Douc
0%
Rongeurs Amérique du Nord Ecureuil des rochers
0%
Rongeurs Amérique du Nord Ecureuil rayé
0%
Rongeurs Afrique Ecureuil terrestre du Cap
0%
Rongeurs Asie Ecureuil volant géant d'Indonésie
0%
Artiodactyles Afrique Girafe d'Angola
0%
Artiodactyles Asie Goral de Chine
0%
Artiodactyles Asie Grand bharal
0%
Rongeurs Afrique Grande gerboise d'Egypte
0%
Primates Afrique Grivet d'Ethiopie
0%
Rongeurs Amérique centrale Hutia de Cuba
0%
Primates Afrique Lémur fauve
0%
Rongeurs Europe Lérot commun
0%
Rongeurs Europe Loir gris
0%
Primates Asie Loris grèle
0%
Primates Asie Loris lent pygmée
0%
Carnivores Asie Lynx d'Asie Centrale
0%
Primates Asie Macaque à crête
0%
Musaraignes Afrique Macroscélide de Peters
0%
Primates Afrique Mangabey à collier blanc
0%
Primates Afrique Mangabey à joues grises
0%
Primates Afrique Mangabey à ventre doré
0%
Carnivores Afrique Mangouste brune
0%
Primates Afrique Microcèbe de Goodman
0%
Primates Afrique Moustac
0%
Rongeurs Europe Mulot à collier roux
0%
Artiodactyles Afrique Nyala
0%
Carnivores Asie Panthère de Chine
0%
Primates Afrique Patas
0%
Artiodactyles Amérique du Sud Pécari à lèvres blanches
0%
Artiodactyles Afrique Petit koudou
0%
Marsupiaux Océanie Phalanger volant
0%
Rongeurs Asie Porc-épic des Philippines
0%
Carnivores Europe Putois
0%
Carnivores Asie Putois de Sibérie
0%
Rongeurs Europe Ragondin
0%
Rongeurs Europe Rat brun
0%
Rongeurs Afrique Rat de Gambie
0%
Rongeurs Afrique Rat des sables
0%
Carnivores Amérique du Sud Raton crabier
0%
Rongeurs Afrique Rat sauteur géant
0%
Rongeurs Afrique Rat-taupe de Zambie
0%
Rongeurs Afrique Rat-taupe nu
0%
Carnivores Asie Renard corsac
0%
Chiroptères Asie Renard volant de Lyle
0%
Chiroptères Asie Rousette hypomélane
0%
Chiroptères Afrique Rousette paillée africaine
0%
Primates Amérique du Sud Sapajou noir
0%
Rongeurs Afrique Souris pygmée africaine
0%
Rongeurs Afrique Souris rayée
0%
Rongeurs Océanie Souris sauteuse de Spinifex
0%
Rongeurs Europe Souslik d'Europe
0%
Rongeurs Amérique du Nord Spermophile de Richardson
0%
Artiodactyles Asie Tahr de l'Himalaya
0%
Artiodactyles Asie Takin de Mishmi
0%
Primates Afrique Talapoin du Nord
0%
Primates Amérique du Sud Tamarin labié
0%
Carnivores Amérique du Sud Tayra
0%
Artiodactyles Asie Tur du Caucase
0%
Artiodactyles Asie Urial
0%
Artiodactyles Asie Urial de Boukhara
0%
Primates Afrique Vervet bleu
0%
Marsupiaux Océanie Wallaby bicolore
0%
Carnivores Afrique Zorille du désert
0%
No matching quizzes found
Score Distribution
Percent of People with Each Score
Percentile by Number Answered
Your Score History
You have not taken this quiz